The Complete Works: Letters 1819 and 1820

Guardat en:
Dades bibliogràfiques
Autor principal: Keats, John
Format: Llibre
Idioma:Undetermined
Publicat: New York, Estados Unidos AMS Press 1970
Matèries:
Etiquetes: Afegir etiqueta
Sense etiquetes, Sigues el primer a etiquetar aquest registre!

MARC

LEADER 00000nam a2200000Ia 4500
008 170316s9999 xx 000 0 und d
040 |a cru BVZT 
090 |a 820 K-2co v.5 
100 |a Keats, John 
245 4 |a The Complete Works: Letters 1819 and 1820 
260 |a New York, Estados Unidos 
260 |b AMS Press 
260 |c 1970 
300 |a 269 páginas Vol. 5 
650 |a LITERATURA INGLESA  |9 12 
650 0 |a EN IDIOMA INGLÉS  |9 129 
650 |a POESÍA  |9 18 
999 |c 6967  |d 6967 
942 |c 15 D  |h 820 K-2co v.5  |2 z